Регионална библиотека "Любен Каравелов" - Русе

Мафията, ЦРУ, Уотъргейт (Запис номер 182070)

MARC детайли
000 -Лидер
Контролно поле с фиксирана дължина 01507nam a2200337 c 4500
003 - Код на организацията, давaща контролен номер
Контролно поле BLK
005 - Дата и час на последна редакция
Контролно поле 20180422115212.0
008 - Елементи от данни с фиксирана дължина
fixed length control field 180411b bul|||||r ||||||| ||bul||
010 ## - Наследен системен номер
LC control number KNG00190993000
040 ## - Източник на каталожния запис
Идентификатор на билиотеката - собственик на записа BLK
041 ## - Код за език
Код за езика на текст/звукозапис или на отделно заглавие Български
Код за езика КДБФ Български
080 ## - УДК
Текстов определител УДК Вътрешна политика. Вж и 329
УДК код - определител по УДК 323
УДК определител (73)
УДК - код + определител 323(73)
080 ## - УДК
Текстов определител УДК Политическо влияние и натиск върху други държави
УДК код - определител по УДК 327.8
УДК определител (73)
УДК - код + определител 327.8(73)
100 1# - Редна дума - Автор
Автор Геевски, Игор Александрович
Авторска отговорност първи автор
R(LIN) 51663
139 ## - Редно поле
Редна дума Геевски, Игор Александрович
Авторски знак Гед - Г 28
245 10 - Сведения за заглавието
Заглавие Мафията, ЦРУ, Уотъргейт
Подзаглавни данни Очерци за орг. престъпност и полит. нрави в САЩ
Редно поле (дума) Игор Александрович Геевски; прев. от рус. Ненчо Цветков.
257 ## - Страна на издаване
Страна на създаване/издаване СССР
260 ## - Област на издателските данни
-- София
Име на издателя, разпространителя и проч. ОФ
Година на издаване 1982
Печатница Враца : В. Александров
300 ## - Физическа характеристика
Страници 351 с.
Размери/Мащаб 17 см
380 ## - Жанр
Жанр Обществени науки
500 ## - Общи забележки
Забележка Ориг. загл. Мафия, ЦРУ, Уотергейт. - 16 500 тир. - Библиогр. с. 332-347.
650 #4 - Допълнително описание по предмет – тема
Основно описание – тема или топоним Мафия
9 (RLIN) 161466
650 #4 - Допълнително описание по предмет – тема
Основно описание – тема или топоним САЩ - вътрешна политика
9 (RLIN) 254050
653 ## - Ключова дума – ненормативна
Ключова дума очерци
700 1# - Други автори (авторска отговорност)
Лично име Цветков, Ненчо
Автороска отговорност (Описва отношението между автора и произведението) прев. от рус.
9 (RLIN) 376647
852 ## - Местоположение
Форматна сигнатура Цб І 20025
856 4# - Електронен адрес и достъп
Електронен формат pdf - файл
Път до файла /url/
856 4# - Електронен адрес и достъп
Електронен формат pdf - файл
Път до файла /url/
942 ## - АРТИКУЛИ
Вид на библиотечния материал Книги
Скрит в OPAC Не
944 ## - СЪЗДАВАНЕ И РЕДАКЦИЯ на ЗАПИСА
Създаване/Редакция Създаване
Дата на регистрацията/редакция 29.09.2016
Служител, извършил регистрацията/редакцията Грета_Цуфелде
944 ## - СЪЗДАВАНЕ И РЕДАКЦИЯ на ЗАПИСА
Създаване/Редакция Редакция
Дата на регистрацията/редакция 29.09.2016
Служител, извършил регистрацията/редакцията Грета_Цуфелде
999 ## - СИСТЕМНИ КОНТРОЛНИ НОМЕРА
Koha biblionumber 182070
Koha biblioitemnumber 182070
Наличности
Код за отписване Код за изгубен артикул Източник на класификационната схема Код за повреда Коз за рестрикции Код за отдаване Артикулен № Име на библиотеката - собственик Име на библиотеката, в която се намира в момента Статус (Текущо местоположение) Дата на вписване в системата Местоположение - отдел Цена в лева Инвентарен номер Систематично азбучна сигнатура Баркод Номер на екземпляра Цена в евро Служебна бележка Служебен тип на артикула
  Не е изгубен Universal Decimal Classification Не е повреден без рестрикции ползва се в читалня 312144 Регионална библиотека "Любен Каравелов" Русе Регионална библиотека "Любен Каравелов" Русе Хранилище 1982-01-01 Хранилище 1.18 365740 Цб І 20025 120000365740 1 0.60 N: стар фонд Дата: 01.01.1982 Книги
Изтеглен Не е изгубен Universal Decimal Classification Не е повреден без рестрикции заемане за дома 312145 Регионална библиотека "Любен Каравелов" Русе Регионална библиотека "Любен Каравелов" Русе Заемна - подръчен фонд 1982-01-01 Заемна - подръчен фонд 1.18 366215 П 323/Г 28 366215 2 0.60 N: стар фонд Дата: 01.01.1982 Книги
Изтеглен Не е изгубен Universal Decimal Classification Не е повреден без рестрикции заемане за дома 312146 Регионална библиотека "Любен Каравелов" Русе Регионална библиотека "Любен Каравелов" Русе Заемна - подръчен фонд 1982-01-01 Заемна - подръчен фонд 1.18 366216 П 323/Г 28 366216 3 0.60 N: стар фонд Дата: 01.01.1982 Книги
Изтеглен Не е изгубен Universal Decimal Classification Не е повреден без рестрикции заемане за дома 312147 Регионална библиотека "Любен Каравелов" Русе Регионална библиотека "Любен Каравелов" Русе Заемна - подръчен фонд 1982-01-01 Заемна - подръчен фонд 1.18 366217 П 323/Г 28 366217 4 0.60 N: стар фонд Дата: 01.01.1982 Книги
Изтеглен Не е изгубен Universal Decimal Classification Не е повреден без рестрикции заемане за дома 312148 Регионална библиотека "Любен Каравелов" Русе Регионална библиотека "Любен Каравелов" Русе Заемна - подръчен фонд 1982-01-01 Заемна - подръчен фонд 1.18 366218 П 323/Г 28 366218 5 0.60 N: стар фонд Дата: 01.01.1982 Книги
Изтеглен Не е изгубен Universal Decimal Classification Не е повреден без рестрикции заемане за дома 312149 Регионална библиотека "Любен Каравелов" Русе Регионална библиотека "Любен Каравелов" Русе Заемна - подръчен фонд 1982-01-01 Заемна - подръчен фонд 1.18 366220 П 323/Г 28 366220 6 0.60 N: стар фонд Дата: 01.01.1982 Книги
Vip Innovations Ltd, Rousse, Bulgaria 2025